Loading...

International workshop on socio economic constraints to development of semi arid tropical agriculture proceedings /

Bibliographic Details
Main Author: Icrisat, Andhra Pradesh
Language:Undetermined
Published: ICRISAT AP , 1980.
LEADER 00519nam a2200133Ia 4500
001 109031
008 170722s9999 xx 000 0 und d
100 |a Icrisat, Andhra Pradesh 
245 |a International workshop on socio economic constraints to development of semi arid tropical agriculture proceedings / 
260 |b ICRISAT AP ,  |c 1980. 
300 |a PpX+436  |c 23.5cms 
942 |c GEN 
999 |c 173303  |d 173303 
952 |0 0  |1 0  |4 0  |6 X_8J192_MO  |7 0  |8 LC1  |9 239060  |a LIB  |b LIB  |d 2017-08-12  |h LC1  |o X8(J),192 MO  |p G9674  |r 2017-08-12  |w 2017-08-12  |y GEN